000 00540nam a2200193Ia 4500
003 GCL
008 140319s9999 xx 000 0 ara d
040 _aGCL /
_cGCL
082 0 4 _a814
_bم س
100 1 _aمحمد عفيفى
245 1 0 _aسكة سفر: مجموعة مقالات /
_cمحمد عفيفى
300 _a154 ص
490 _aكتاب الهلال
_v0
650 0 4 _aالادب العربى
650 0 4 _aالسخرية
650 0 4 _aالسخرية فى الادب
650 0 4 _aادب الرحلات
942 _2ddc
_cBK
999 _c46939
_d46939